| 000 | 00976nam a2200229Ia 4500 | ||
|---|---|---|---|
| 001 | 15253 | ||
| 003 | GE_BSU | ||
| 008 | 181216s||||||||xx |||||||||||||| ||und|| | ||
| 040 | _cGE_BSU | ||
| 080 | _a821.353.1 | ||
| 245 | _aჩვენი საუნჯე:ქართული მწერლობა ოც ტომად. ტ.12. ვაჟა-ფშაველა | ||
| 245 | _bლექსები, პოემები,მოთხრობები, პიესა | ||
| 245 | _cრედ.ბ.ჟღენტი. მხატვ.ლ.გრიგოლია | ||
| 260 | _aთბილისი | ||
| 260 | _bნაკადული | ||
| 260 | _c1961 | ||
| 300 | _a552გვ.23სმ. | ||
| 653 | _aლექსები, პოემები,მოთხრობები, პიესა | ||
| 653 | _aქართული მწერლობა.ვაჟა-ფშაველა | ||
| 653 | _aჩვენი საუნჯე | ||
| 942 | _cBK | ||
| 999 |
_c48365 _d48365 |
||